000 01079cam a2200277 i 4500
003 SA-RiAUC
005 20250805041038.0
008 250804s1993 su g 00000 ara c
040 _aSA-JeALM
_bara
_cSA-RiAUC
_erda
082 0 4 _a252.5
090 _a252.5
_bب ا ش
100 1 _aباشنفر، سعيد بن عبد القادر سالم
_eمؤلف.
245 1 2 _aالمغني في فقه الحج والعمرة /
_cبقلم سعيد بن عبد القادر باشنفر.
246 3 0 _aفقه الحج والعمرة
250 _aالطبعة الثانية.
264 1 _aجدة، السعودية :
_bمكتبة العلم،
_c1993.
300 _a343 صفحة ؛
_c24 سم
336 _aنص
_btxt
_2rdacontent
_3كتاب
337 _aبدون وسيط
_bn
_2rdamedia
338 _aمجلد
_bnc
_2rdacarrier
500 _aملاحظات من الشيخ رحمه الله في بداية الكتاب
650 7 _aالحج
_2aucsh
650 7 _aالعبادات (فقه إسلامي)
_2aucsh
942 _2ddc
_cBOOK
_n0
949 _aSA-JeALM
_d250804
_uosman123
_n1
999 _c10525
_d10525